000 01136cam a2200337 a 4500
001 33766
005 20230410101558.0
008 020708s2002 flua b 000 0 spa
035 _a(DLC) 2002109543
035 _a12845665
925 0 _aacquire
_b2 shelf copies
_xpolicy default
942 _2lcc
_cbk
010 _a2002109543
020 _a0897299965
040 _aDLC
_cDLC
_dDLC
042 _apcc
043 _anwcu---
050 1 4 _a107 PN 1993.5
_bN778h 2002
082 0 0 _a791.43/097291
_222
100 1 _aNoguer, Eduardo G.,
_d1946-
245 1 0 _aHistoria del cine cubano :
_bcien años, 1897-1998 /
_cEduardo G. Noguer.
250 _a2. ed. rev. y ampliada.
260 _aMiami, Fla. :
_bEdiciones Universal,
_c2002.
300 _a576 p. :
_bill. (some col.) ;
_c29 cm.
490 1 _aColección Arte
500 _aFirst ed. published in 1999 as: Cien años de cine cubano : de 1989 al 2000.
504 _aIncludes bibliographical references (p. 572).
650 0 _aMotion pictures
_zCuba
_xHistory.
700 1 _aNoguer, Eduardo G.,
_d1946- .
_tCien aänos de cine cubano.
830 0 _aColección Arte (Miami, Fla.)
999 _c10344
_d10344